| 000 | 00667nam a22002177a 4500 | ||
|---|---|---|---|
| 999 |
_c172682 _d172682 |
||
| 005 | 20200302121542.0 | ||
| 010 | _aENG-127791 | ||
| 020 |
_c250.00 _a9789386519108 |
||
| 035 | _aEN-111323 | ||
| 037 | _bDBAD/PUB | ||
| 082 | _a530 | ||
| 100 | _aArumugam,N | ||
| 245 |
_aSaras neet Physics/ _cby N.Arumugam,N.Kanagaraj[and]M.G.Ragunathan |
||
| 250 | _a1st ed. | ||
| 260 |
_aTamil Nadu _bSaras publication _c2018 |
||
| 270 |
_a114/35G,A.R.P.Camp Road,Periavilai,Kottar P.O.,Nagercoil _bKanyakumari Dist. _e629002 |
||
| 300 |
_axii,;various pages _c23cm(pbk) |
||
| 700 | _aN.Kanagaraj | ||
| 700 | _aM.G.Ragunathan | ||
| 942 |
_2ddc _cEN _mARU _h530 |
||